| 000 | 00376 a2200133 4500 | ||
|---|---|---|---|
| 001 | ART_15589 | ||
| 005 | 20260410161735.0 | ||
| 008 | 260409a | ||
| 245 | 1 | 0 | _aPrimavera con nubarrones |
| 100 | 1 | _aExpósito, David | |
| 700 | 1 | _aSzewach, Enrique | |
| 700 | 1 | _aBlasco, Eduardo | |
| 773 | 0 |
_tEjecutivos de finanzas _g- Año 6, Nº 50 (oct. 1988) _wREV2863 |
|
| 999 |
_c18239 _d18239 |
||